Consumers and Social Services (Record no. 1450217)

MARC details
000 -LEADER
fixed length control field 00588nam a2200205Ia 4500
005 - DATE AND TIME OF LATEST TRANSACTION
control field 20250923145336.0
008 - FIXED-LENGTH DATA ELEMENTS--GENERAL INFORMATION
fixed length control field 008 250917s9999 xx 000 0 eng d
037 ## - SOURCE OF ACQUISITION
Stock number Textual
040 ## - CATALOGING SOURCE
Original cataloging agency DSWL
Language of cataloging eng
Transcribing agency DSWL
041 ## - LANGUAGE CODE
Language code of text/sound track or separate title eng
Source of code eng
084 ## - COLON CLASSIFICATION NUMBER
Classification number YX;5OaX, N75
Assigning agency DSWL
100 ## - MAIN ENTRY--PERSONAL NAME
Personal name Perlman, Robert
9 (RLIN) 834269
245 #0 - TITLE STATEMENT
Title Consumers and Social Services
Statement of responsibility, etc. by Robert Perlman
260 ## - PUBLICATION, DISTRIBUTION, ETC.
Place of publication, distribution, etc. New York
Name of publisher, distributor, etc. John Wiley & Sons Inc.
Date of publication, distribution, etc. 1975
300 ## - PHYSICAL DESCRIPTION
Extent xvii,126p.
365 ## - TRADE PRICE
Price type code INR
Price amount 46 . 53
925 ## -
-- 46 . 53
942 ## - ADDED ENTRY ELEMENTS (KOHA)
Koha item type Textual
Classification part YX;5OaX, N75
Holdings
Withdrawn status Lost status Damaged status Not for loan Home library Current library Date acquired Source of acquisition Inventory number Total Checkouts Full call number Barcode Date last seen Price effective from Koha item type
        Department of Social Work Library Department of Social Work Library 2025-09-23 Atma Ram & Sons 4/453/76 11/03/1970   YX;5OaX, N75 SW0017553 2025-09-23 2025-09-23 Textual
Copyright @ Delhi University Library System